| 000 | 01570nam a2200397Ia 4500 | ||
|---|---|---|---|
| 001 | ebr10726566 | ||
| 003 | CaPaEBR | ||
| 006 | m o u | ||
| 007 | cr cn||||||||| | ||
| 008 | 111222s2012 nyua sb 001 0 eng d | ||
| 010 | _z 2011052249 | ||
| 020 | _z1619426706 (cloth) | ||
| 020 | _z9781619426702 (cloth) | ||
| 020 | _z9781619426863 (ebook) | ||
| 040 |
_aCaPaEBR _cCaPaEBR |
||
| 035 | _a(OCoLC)852158456 | ||
| 050 | 1 | 4 |
_aTN841 _b.R34 2012eb |
| 082 | 0 | 4 |
_a577.68 _223 |
| 100 | 1 |
_aRahman, Ataur, _d1967- |
|
| 245 | 1 | 4 |
_aThe peat swamp _h[electronic resource] : _bproductivity, trafficability and mechanization / _cAtaur Rahman, Rafia Afroz and Azmi Yahya. |
| 260 |
_aNew York : _bNova Science Publishers, _cc2012. |
||
| 300 |
_a185 p. : _bill. |
||
| 490 | 1 | _aEnvironmental research advances | |
| 490 | 1 | _aEnvironmental science, engineering and technology | |
| 504 | _aIncludes bibliographical references and index. | ||
| 533 |
_aElectronic reproduction. _bPalo Alto, Calif. : _cebrary, _d2013. _nAvailable via World Wide Web. _nAccess may be limited to ebrary affiliated libraries. |
||
| 650 | 0 | _aPeat machinery. | |
| 650 | 0 | _aPeatlands. | |
| 655 | 7 |
_aElectronic books. _2local |
|
| 700 | 1 |
_aAfroz, Rafia, _d1972- |
|
| 700 | 1 |
_aYahya, Azmi, _d1960- |
|
| 710 | 2 | _aebrary, Inc. | |
| 830 | 0 | _aEnvironmental research advances series. | |
| 830 | 0 | _aEnvironmental science, engineering and technology series. | |
| 856 | 4 | 0 |
_uhttp://site.ebrary.com/lib/rucke/Doc?id=10726566 _zAn electronic book accessible through the World Wide Web; click to view |
| 999 |
_c153123 _d153123 |
||